MARC details
| 000 -LEADER |
| fixed length control field |
01230cam a2200337Ia 4500 |
| 001 - CONTROL NUMBER |
| control field |
65200422 |
| 003 - CONTROL NUMBER IDENTIFIER |
| control field |
OCoLC |
| 005 - DATE AND TIME OF LATEST TRANSACTION |
| control field |
20220930103222.0 |
| 008 - FIXED-LENGTH DATA ELEMENTS--GENERAL INFORMATION |
| fixed length control field |
060324s2003 sp abf b 001 1 spa d |
| 020 ## - INTERNATIONAL STANDARD BOOK NUMBER |
| International Standard Book Number |
8426105130 |
| 020 ## - INTERNATIONAL STANDARD BOOK NUMBER |
| International Standard Book Number |
9788426105134 |
| 020 ## - INTERNATIONAL STANDARD BOOK NUMBER |
| International Standard Book Number |
842610472X |
| 020 ## - INTERNATIONAL STANDARD BOOK NUMBER |
| International Standard Book Number |
9788426104724 |
| 040 ## - CATALOGING SOURCE |
| Original cataloging agency |
RVE |
| Transcribing agency |
RVE |
| Modifying agency |
OCLCG |
| -- |
SXP |
| 041 ## - LANGUAGE CODE |
| Language code of text/sound track or separate title |
spa |
| 090 ## - LOCALLY ASSIGNED LC-TYPE CALL NUMBER (OCLC); LOCAL CALL NUMBER (OCLC) |
| Classification number (OCLC) (R) ; Classification number, CALL (RLIN) (NR) |
PQ6323 |
| Local cutter number (OCLC) ; Book number/undivided call number, CALL (RLIN) |
.A1 2005 |
| 100 1# - MAIN ENTRY--PERSONAL NAME |
| Personal name |
Cervantes Saavedra, Miguel de, |
| Dates associated with a name |
1547-1616. |
| 245 10 - TITLE STATEMENT |
| Title |
Don Quijote de la Mancha / |
| Statement of responsibility, etc. |
Miguel de Cervantes Saavedra ; texto y notas de Martin de Riquer. |
| 260 ## - PUBLICATION, DISTRIBUTION, ETC. (IMPRINT) |
| Place of publication, distribution, etc. |
Barcelona : |
| Name of publisher, distributor, etc. |
Editorial Juventud, |
| Date of publication, distribution, etc. |
c2003. |
| 300 ## - PHYSICAL DESCRIPTION |
| Extent |
1096 p. : |
| Other physical details |
ill. ; |
| Dimensions |
18 cm. |
| 490 1# - SERIES STATEMENT |
| Series statement |
Coleccion "Libros de bolsillo Z." |
| 500 ## - GENERAL NOTE |
| General note |
Edicion conmemorativa IV centenario. |
| 504 ## - BIBLIOGRAPHY, ETC. NOTE |
| Bibliography, etc |
Includes bibliographical references and index. |
| 650 #0 - SUBJECT ADDED ENTRY--TOPICAL TERM |
| Topical term or geographic name as entry element |
Knights and knighthood |
| Geographic subdivision |
Spain |
| Form subdivision |
Fiction. |
| 650 #7 - SUBJECT ADDED ENTRY--TOPICAL TERM |
| Topical term or geographic name as entry element |
Caballeros y caballer©Ưa |
| Geographic subdivision |
Espa©ła |
| Form subdivision |
Novela. |
| Source of heading or term |
bidex. |
| 651 #0 - SUBJECT ADDED ENTRY--GEOGRAPHIC NAME |
| Geographic name |
Spain |
| General subdivision |
Social life and customs |
| Chronological subdivision |
16th century |
| Form subdivision |
Fiction. |
| 651 #7 - SUBJECT ADDED ENTRY--GEOGRAPHIC NAME |
| Geographic name |
Espana |
| General subdivision |
Vida social y costumbres |
| Chronological subdivision |
Siglo XVI |
| Form subdivision |
Novela. |
| Source of heading or term |
bidex. |
| 700 1# - ADDED ENTRY--PERSONAL NAME |
| Personal name |
Riquer, Martin de, |
| Titles and other words associated with a name |
conde de Casa Davalos, |
| Dates associated with a name |
1914- |
| 830 #0 - SERIES ADDED ENTRY--UNIFORM TITLE |
| Uniform title |
Coleccion "Libros de bolsillo Z." |
| 942 ## - ADDED ENTRY ELEMENTS (KOHA) |
| Koha item type |
Libro/Book |
| Source of classification or shelving scheme |
Dewey Decimal Classification |